Primi 15 paesi interessati da Covid-19 - 2 luglio - Statistics

Statistiche generali
  • Questo quiz è stato fatto 7 volte
  • Il punteggio medio è 8 su 25
Statistiche sulle risposte
nazione % Corretto
Italia
100%
Germania
86%
Spagna
86%
Stati Uniti
86%
India
71%
Regno Unito
71%
Russia
71%
Brasile
57%
Messico
57%
Iran
29%
Pakistan
29%
Arabia Saudita
14%
Cile
14%
Cile
14%
Perù
14%
Svezia
14%
Turchia
14%
Armenia
0%
Bahrain
0%
Bielorussia
0%
Kuwait
0%
Oman
0%
Panama
0%
Qatar
0%
Singapore
0%
Nessun quiz corrispondente trovato
Distribuzione punteggi
Percentuale di utenti per punteggio
Percentile per numero di risposta
I tuoi punteggi nel tempo
Non hai fatto questo quiz